Papercut - Linkin Park (All Lyrics) - Statistics

General Stats
  • This quiz has been taken 142 times
    141 since last reset
  • The average score is 402 of 487
Answer Stats
Lyrics % Correct
I
99%
(I
99%
a
97%
A
97%
in
94%
it
94%
like
94%
Like
94%
like,
94%
my
94%
head
93%
feel
91%
me
91%
me,
91%
me)
91%
of
91%
I'm
90%
inside
90%
it's
88%
It's
88%
paranoid,
88%
the
88%
The
88%
(The
88%
To
88%
to
88%
can
87%
is
87%
so
87%
So
87%
what
87%
can't
85%
face
85%
over
85%
right
85%
Why
85%
beneath
84%
lookin'
84%
skin
84%
today?
84%
today
84%
all
82%
back
82%
does
82%
left
82%
within
82%
got
81%
whirlwind
81%
am
79%
don't
79%
know
79%
night
79%
that
79%
That
79%
down
78%
light
78%
not
78%
stop
78%
sun
78%
sun)
78%
betray
76%
every
76%
goes
76%
Something
75%
up
75%
eyes
74%
you
74%
But
72%
first
72%
hearing
72%
close
71%
Or
71%
or
71%
everything)
69%
time
69%
voice
69%
when
69%
here
68%
lie
68%
swim
68%
was
68%
your
68%
(and
66%
And
66%
fall
66%
feels
66%
have
66%
hold
66%
Paranoia's
66%
paranoia's
66%
sink
65%
uptight
65%
watches
65%
too
63%
too,
63%
on
62%
pressure
62%
fed
60%
how
60%
laughs
59%
worse
59%
here's
57%
stressed
57%
probably
56%
they
56%
I've
54%
just
53%
stand
53%
out
51%
watching
51%
You've
51%
awakes
50%
Everybody
49%
everybody
49%
mistakes
46%
matter
44%
off
44%
underneath
43%
fact
41%
has
41%
Points
41%
set
40%
acts
38%
add
35%
(ah)
13%
No matching quizzes found
Score Distribution
Percent of People with Each Score
Percentile by Number Answered
Your Score History
You have not taken this quiz since the last reset